| 000 | 01092nam a2200229Ia 4500 | ||
|---|---|---|---|
| 003 | Ost | ||
| 005 | 20260507075600.0 | ||
| 008 | 260507s9999||||xx |||||||||||||| ||und|| | ||
| 040 | _cfsecg | ||
| 041 | _aara | ||
| 082 | _a300 | ||
| 100 |
_aالطائي، حميد _eمؤلف |
||
| 245 | 0 |
_aالاسس العلمية للتسويق الحديث : _bمدخل شامل / _c حميد الطائي |
|
| 260 |
_aعمان: _bدار اليازوري العلمية للنشر والتوزيع, _c2006 |
||
| 300 |
_a359 صفحة؛ _bإيضاحات ؛ _c24 سم |
||
| 504 | _a(اقتناءات 2014 3ن) | ||
| 520 | _a-المدخل الى التسويق -البيئة التسويقية -السوق والسوق المستهدفة -سلوك المستهلك الشرائي اضافة الى تسويق الخدمات, التسعير- التوزيع- الترويج و في الاخير التسويق الالكتروني. | ||
| 653 | _aالتسويق | ||
| 653 | _aالتسويق الحديث | ||
| 700 |
_aالصميدعي، محمود وآخرون _eمؤلف ثانوي |
||
| 942 | _cكتاب | ||
| 999 |
_c44998 _d44998 |
||